MARC

LEADER 00000nam0a2200000 4500
001 259925
005 20231101233430.0
035 |a (RuTPU)RU\TPU\book\282871 
090 |a 259925 
100 |a 20140513d1958 k y0rusy50 ca 
101 0 |a rus 
102 |a RU 
105 |a a z 001zy 
200 1 |a Физические основы получения атомной энергии  |f В. А. Михайлов 
205 |a 2-е изд., испр. и доп. 
210 |a Москва  |c Воениздат  |d 1958 
215 |a 176 с.  |c ил. 
225 1 |a Научно-популярная библиотека 
606 1 |a Атомная энергия  |x (физика)  |2 stltpush  |3 (RuTPU)RU\TPU\subj\29678  |9 52956 
610 1 |a получение 
610 1 |a физические основы 
610 1 |a атом 
610 1 |a атомное ядро 
610 1 |a радиоактивность 
610 1 |a строение 
610 1 |a ядерная энергия 
610 1 |a ядерные реакции 
610 1 |a ядерное оружие 
610 1 |a ядерные реакторы 
610 1 |a применение 
675 |a 539.1  |v 3 
700 1 |a Михайлов  |b В. А.  |g Виктор Александрович 
801 1 |a RU  |b 63413507  |c 20140513 
801 2 |a RU  |b 63413507  |c 20150421  |g RCR 
942 |c BK